LEADER 01143nam a2200277 i 4500 001 000000157631 003 CaOOAMICUS 005 20210209174348.0 008 070115s1980 it u000 u ita u 013 $a134987 040 $aSeMil$bita 245 10$aVita bizantina di Barlaam e Ioasaf /$cIntroduzione, versione italiana, note e repertorio biblico a cura di Silvia Ronghey e Paolo Cesaretti. 260 $aMilano :$bRusconi,$c1980. 300 $a313 p., [8] p. di tav. :$bill. ;$c22 cm. 490 0 $aLe saghe [Rusconi] 500 $aFondo Card. Giovanni Colombo. 700 1 $aRonchey, Silvia,$d<1958- >.$0(OLS)http://semarc/name/8511 700 1 $aCesaretti, Paolo <1957- >.$0(OLS)http://semarc/name/92901 830 3$aLe saghe.$0(OLS)http://semarc/title/419671 850 $aSeMil 852 $aSeMil$W1$xVenegono$y1$m1C IV 139$j109309$B109309$CSeMilBibl$Z2$F118821 $81 941 1 $a3 961 $aLascito: Colombo Card. Giovanni 996 $6245$aVita bizantina di Barlaam e Ioasaf$9(OLS)http://semarc/title/231184 996 $6260$aMilano :$bRusconi$9(OLS)http://semarc/publisher/30258 LEADER 00931nam a2200241 i 4500 001 000000195485 003 CaOOAMICUS 005 20160125000000.0 008 160125s1978 it u000 u ita u 013 $a174162 040 $aSeMil$bita 100 1 $aCelli, Teodoro.$0(OLS)http://semarc/name/24548 245 12$aL'arte di Victor De Sabata /$cTeodoro Celli. 260 $aTorino :$bERI,$c1978. 300 $a173 p., [15] p. di tav. :$bnotazione musicale ;$c21 cm. 490 0 $aMusica e musicisti ;$v3 500 $aContiene : Cronologia. 650 4$aDe Sabata, Victor.$0(OLS)http://semarc/subject/36730 830 0$aMusica e musicisti ;$v3.$0(OLS)http://semarc/title/44622 850 $aSeMil 852 $aSeMil$W1$xVenegono$y1$m3Q I 53$j146054$B146054$CSeMilBibl$Z2$F157557 $81 996 $6245$aL'arte di Victor De Sabata$9(OLS)http://semarc/title/282069 996 $6260$aTorino :$bERI$9(OLS)http://semarc/publisher/31745